Podział administracyjny Ukrainy - Statystyki

Ogólne statystyki
  • Ten quiz został rozwiązany 48 razy
  • Średni wynik to 10 z 27
Statystyki odpowiedzi
Hint 24 obwody, 2 miasta wydzielone, republika autonomiczna % Poprawnych
Miasta wydzielone Kijów
95%
lwowski
81%
Obwody charkowski
76%
doniecki
62%
kijowski
57%
ługański
57%
odeski
57%
wołyński
52%
Sewastopol
43%
Republika Autonomiczna Autonomiczna Republika Krymu / Krym
38%
chmielnicki
38%
mikołajowski
38%
chersoński
33%
sumski
33%
winnicki
29%
zakarpacki
29%
żytomierski
29%
dniepropetrowski
19%
zaporoski
19%
czernihowski
14%
czerniowiecki
14%
iwanofrankiwski
14%
połtawski
14%
tarnopolski
14%
kirowohradzki
10%
rówieński
10%
czerkaski
0%
Nie znaleziono quizów pasujących do podanych kryteriów
Rozkład punktacji
Procent ludzi z każdym wynikiem
Percentyl według liczby udzielonych odpowiedzi
Twoja historia wyników
Nie rozwiązałeś tego quizu